• 首页
  • 本馆介绍
  • 公告通知
  • 最新文献
  • 馆藏检索
  • 电子资源
  • 读者导购
  • 参考咨询
  • 我的图书馆
  • 登录
  • 详细信息显示
  • 放入我的书架
  • 预约/预借图书
  • 作者相关作品
  • 分类相关作品
  • 丛书相关作品
  • 出版社相关作品

书目信息

  • 表格格式
  • 工作单格式
  • 卡片格式
题名:
七日谈
    
 
作者: 山奇 , 加藤嘉一 著
分册:  
出版信息: 北京   新华出版社  2007.08
页数: 164页
开本: 23cm
丛书名:
单 册:
中图分类: G125
科图分类:
主题词: 文化交流--中外关系
电子资源:
ISBN: 978-7-5011-8050-9
000 00699nam0 2200217 450
001 0839276632
005 20081204154654.71
010    @a978-7-5011-8050-9@dCNY22.00
100    @a20081204d2007 km y0chiy0120 ea
101 0  @achi
102    @aCN@b110000
200 1  @a七日谈@Aqi ri tan@e来自民间的中日对话录@f(中)山奇,(日)加藤嘉一著@F(zhong)shan qi,(ri)jia teng jia yi zhu
210    @a北京@c新华出版社@d2007.08
215    @a164页@d23cm
517 1  @a来自民间的中日对话录@Alai zi min jian de zhong ri dui hua lu
606 0  @a文化交流@x中外关系
690    @aG125@v4
701  0 @a山奇@Ashan qi@4著
701  0 @a加藤嘉一@Ajia teng jia yi@4著
801  0 @aCN@bNISOFT@c20081204
905    @aBZT@dG125@e1@f5
    
    七日谈:来自民间的中日对话录/(中)山奇,(日)加藤嘉一著.-北京:新华出版社,2007.08
    164页;23cm
    
    
    ISBN 978-7-5011-8050-9:CNY22.00
    
●
相关链接 在五车中查询图书 在当当中查询图书 在豆瓣中查询图书


正题名:七日谈     索取号:G125/1         预约/预借

序号 登录号 条形码 馆藏地/架位号 状态 备注
1 0687132   2000687132   样本书库/样007架B面2层1列/ [索取号:G125/1] 在馆    
2 0687133   2000687133   中心书库北库/ 北库033架B面3列6层9/ [索取号:G125/1] 在馆    
3 0687134   2000687134   中心书库北库/ 北库033架B面3列6层7/ [索取号:G125/1] 在馆    
4 0687135   2000687135   中心书库北库/ 北库033架B面3列6层8/ [索取号:G125/1] 在馆    
5 0687136   2000687136   中心书库北库/ 北库033架B面3列6层6/ [索取号:G125/1] 在馆    
山东省滨州职业学院图书馆 欢迎您!
大连网信软件有限公司© 版权所有